00722cam a2200193 a 4500020002100000020002200021020002000043082001400063100002300077245006100100260004500161300004900206500002000255650004100275650002400316856006400340856005600404856006800460 a0072192658 (set) a0072192666 (book) a0072192674 (CD)00a003.3 COU1 aCouchman, Jason S.10aOracle8i certified professional DBA upgrade exam guide / aNew York :bOsborne/McGraw-Hill,cc2001. axxix, 557 p. :bill. ;e1 CD-ROM (4 3/4 in.) a"Oracle Press." 0aElectronic data processing personnel 0aDatabase management42uhttp://www.loc.gov/catdir/description/mh024/2002275303.html41uhttp://www.loc.gov/catdir/toc/mh023/2002275303.html42uhttp://www.loc.gov/catdir/enhancements/fy0707/2002275303-b.html